00861nam a2200241 i 450000100060000000300090000600500170001500700030003200800410003510000350007624500930011125000120020426000350021630000210025149000570027250000230032970000380035283000620039085200210045294200080047399900170048195201210049897949ES-MaACL20250807232516.0t|050721s1984 sp |||| | spa d1 aMarín Saura, Juana J.97681313aEl silencio de las lilas / cJuana J. Marín Saura; prólogo José Javier Aleixandre. a1ª ed. aMadrid : bTorremozas, c1984. a72 p. ; c17 cm.1 aColección Torremozas de poesía de mujeres ; v10 aGrab. retr. autor.1 aAleixandre, José Javier.91968600aColección Torremozas de poesía de mujeresv109177494 aES-MaACLjL-5973 2udc c97949d97949 00104070aATENEOMbATENEOMcDEPO2d2008-01-17eSCl0oL-5973p1102248r2023-02-23 00:00:00w2023-02-23yMONOGRAFIA